|
|
|
|
| LEADER |
00617nam a22001337a 4500 |
| 082 |
|
|
|a 328.34095483
|b JAY.R
|
| 100 |
|
|
|a Jayaprakash, R
|
| 245 |
|
|
|a Role of opposition in the legislature
|
| 260 |
|
|
|a Trivandrum
|b Institute for the study and public policy management
|c 1990
|
| 650 |
|
|
|a legislative process
|
| 942 |
|
|
|c BK
|
| 999 |
|
|
|c 10897
|d 10897
|
| 952 |
|
|
|0 0
|1 0
|4 0
|6 328_340954830000000_JAY_R
|7 0
|9 12994
|a CAMPUS
|b CAMPUS
|d 2017-07-11
|l 0
|o 328.34095483 JAY.R
|p 05015
|r 2017-07-11
|w 2019-07-15
|y BK
|
| 952 |
|
|
|0 0
|1 0
|4 0
|6 328_340954830000000_JAY_R1
|7 0
|9 12995
|a CAMPUS
|b CAMPUS
|d 2017-07-11
|l 0
|o 328.34095483 JAY.R;1
|p 05016
|r 2017-07-11
|w 2017-07-11
|y BK
|